00789nam a22002057a 4500003000400000005001700004008008300021020001500104040002400119050002000143245009500163250001200258260005300270300001500323500005100338650002200389942001900411999001700430952013600447OSt20170518102947.0http://41.89.101.240:8080/cgi-bin/koha/cataloguing/addbiblio.pl?frameworkcode=001# a0781742611 aMMUbeng.cMMUdMMU aRM713.N674 2005 aManagerial and supervisory principles for physical therapists/cLarry J. Nosse...[et al.]. a2nd ed. aNew York:bLippincott Williams & Wilkins,c2005. axii,516p.; aIncludes bibliographical references and index. aPhysical therapy. 2lcccLOAN LOAN c23610d23610 00102lcc4070aMMU001bMMU001d2017-02-27eDonation-T4Cl0oRM713.N674 2005p17025101r2017-02-27 00:00:00w2017-02-27yLOAN LOAN